000 00334nam a22001337a 4500
005 20260225130115.0
020 _a978-93-6224-986-9
082 _a338.3727KUM/F
245 _aFisheries Technology/
_cecd by Jitendar Kumar
260 _a.-Newdelhi
_b:DPH
_c,2025
300 _a270p
700 _aKumar,Jitendar
_910639
942 _2ddc
_cBK
999 _c757034
_d757034